| 000 | 00531nam a2200217 4500 | ||
|---|---|---|---|
| 001 | 45410 | ||
| 010 | _a9727116795 | ||
| 021 | _b223228/05 | ||
| 090 | _a45410 | ||
| 100 | _a20061003e2005 m y0pory5003 ba | ||
| 101 | 0 | _apor | |
| 102 | _aPT | ||
| 200 | 1 |
_aO Zahir _fPaulo Coelho |
|
| 205 | _a1.ยช ed. | ||
| 210 | 9 |
_aLisboa _cPergaminho, _d2005 |
|
| 215 |
_a316, [4] p. _d23 cm |
||
| 225 | 2 | _aObras de Paulo Coelho | |
| 675 |
_a821.134.3(81)-31"19/20" _vBN _zpor |
||
| 700 | 1 |
_aCoelho, _bPaulo, _f1947- |
|
| 801 | 0 |
_aPT _bCMPEN _gRPC |
|
| 990 | _cLIVROS | ||